Research Output from Projects of New Researchers

Pri verejnej podpore výskumu sa čoraz viac pozornosti venuje jej efektívnosti a účinnosti, ako aj stanoveniu kritérií pre jej prideľovanie. Jednou z tém je podpora vedcov na začiatku ich kariéry. Vedci, ktorí pracujú dlhšie v oblasti výskumu, sú produktívnejší, ale na druhej strane mladí výskumníci...

Descripción completa

Guardado en:
Detalles Bibliográficos
Autor principal: Šipikal, Miroslav, 1976-
Otros Autores: Lešková, Alexandra, 1990-
Formato: Capítulo de libro
Lenguaje:inglés
Materias:
Etiquetas: Agregar Etiqueta
Sin Etiquetas, Sea el primero en etiquetar este registro!

MARC

LEADER 00000naa$a2200000$$$4500
001 0260432
005 20240502074126.2
041 0 |a eng 
044 |a SK 
245 1 0 |a Research Output from Projects of New Researchers  |c Miroslav Šipikal, Alexandra Lešková 
520 |a Pri verejnej podpore výskumu sa čoraz viac pozornosti venuje jej efektívnosti a účinnosti, ako aj stanoveniu kritérií pre jej prideľovanie. Jednou z tém je podpora vedcov na začiatku ich kariéry. Vedci, ktorí pracujú dlhšie v oblasti výskumu, sú produktívnejší, ale na druhej strane mladí výskumníci by mohli mať oveľa väčší potenciál ako ten súčasný, do projektov sa však nedostávajú. Zároveň existuje tzv. „Matthewov efekt“ - vedci, ktorí už získali väčšiu časť grantovej podpory, majú teraz väčšiu šancu na úspech pri získaní grantu. Zameranie na to, či je prístup nových vedcov k grantom aj v prípade ekonomických vied na Slovensku v rámci systému VEGA komplikovanejší a zložitejší a aké výsledky dosahujú v porovnaní s inými vedcami. Preukázanie toho, že prístup nových výskumných pracovníkov k grantovej schéme nie je prekážkou ich rozvoja. Zároveň môžu títo vedci poskytnúť kvalitatívne a kvantitatívne porovnateľné výstupy do svojich projektov ako ich kolegovia s už realizovanými projektmi. 
610 2 0 |a univerzity 
610 2 0 |a výskum 
610 2 0 |a projekty 
100 1 |a Šipikal, Miroslav, 1976- 
700 1 |a Lešková, Alexandra, 1990-